Modernism reconsidered /

Bibliographic Details
Other Authors: Kiely, Robert, Hildebidle, John, 1946-
Format: Book
Language:English
Published: Cambridge, Mass. : Harvard University Press, 1983.
Series:Harvard English studies ; 11.
Subjects:

MARC

Tag First Indicator Second Indicator Subfields
LEADER 00000pam a2200000 a 4500
001 in00000388021
005 20151011121242.0
008 830324s1983 mau b 00000 eng
010 |a  83006152  
020 |a 0674580656 
020 |a 0674580664 (pbk.) 
035 |a (OCoLC)09393811 
035 |9 ABS3308AM 
040 |a DLC  |c DLC  |d TXA  |d UtOrBLW 
043 |a e-uk---  |a n-us--- 
049 |a TXAM  |c [A08638668] 
050 0 0 |a PR478.M6  |b M62 1983 
082 0 |a 820/.9/1  |2 19 
245 0 0 |a Modernism reconsidered /  |c edited by Robert Kiely ; assisted by John Hildebidle. 
264 1 |a Cambridge, Mass. :  |b Harvard University Press,  |c 1983. 
300 |a viii, 264 pages ;  |c 22 cm. 
336 |a text  |b txt  |2 rdacontent 
337 |a unmediated  |b n  |2 rdamedia 
338 |a volume  |b nc  |2 rdacarrier 
490 1 |a Harvard English studies ;  |v 11 
504 |a Includes bibliographical references. 
650 0 |a English literature  |y 20th century  |x History and criticism. 
650 0 |a Modernism (Literature) 
650 0 |a American literature  |y 20th century  |x History and criticism. 
700 1 |a Kiely, Robert. 
700 1 |a Hildebidle, John,  |d 1946- 
830 0 |a Harvard English studies ;  |v 11. 
999 |a MARS 
999 f f |s 2ee7e2c0-054f-3012-94ab-a54ccc66efbb  |i fe8f6f29-1390-369e-b933-abf694f9fdbb  |t 0 
952 f f |p normal  |a Texas A&M University  |b College Station  |c Sterling C. Evans Library  |d Evans: Library Stacks  |t 0  |e PR478.M6 M62 1983  |h Library of Congress classification  |i unmediated -- volume  |m A14808638668 
998 f f |a PR478.M6 M62 1983  |t 0  |l Evans: Library Stacks